<?xml version="1.0" encoding="UTF-8"?>
<collection xmlns="http://www.loc.gov/MARC21/slim">
 <record>
  <leader>00669nab a2200193 i 4500</leader>
  <controlfield tag="001">univ660</controlfield>
  <controlfield tag="005">20241210131101.0</controlfield>
  <controlfield tag="008">171215s1970    hu      o     000   hun d</controlfield>
  <datafield tag="022" ind1=" " ind2=" ">
   <subfield code="a">0230-791X</subfield>
  </datafield>
  <datafield tag="040" ind1=" " ind2=" ">
   <subfield code="a">SZTE UnivHistória Repozitórium</subfield>
   <subfield code="b">hun</subfield>
  </datafield>
  <datafield tag="041" ind1=" " ind2=" ">
   <subfield code="a">hun</subfield>
  </datafield>
  <datafield tag="100" ind1="1" ind2=" ">
   <subfield code="a">Sz. M.</subfield>
  </datafield>
  <datafield tag="245" ind1="1" ind2="3">
   <subfield code="a">Az asztalnak több sarka van </subfield>
   <subfield code="h">[elektronikus dokumentum] :</subfield>
   <subfield code="b">kerekasztal beszélgetés az él- és tömegsportról /</subfield>
   <subfield code="c"> Sz. M.</subfield>
  </datafield>
  <datafield tag="260" ind1=" " ind2=" ">
   <subfield code="c">1970</subfield>
  </datafield>
  <datafield tag="300" ind1=" " ind2=" ">
   <subfield code="a">6</subfield>
  </datafield>
  <datafield tag="490" ind1="0" ind2=" ">
   <subfield code="a">Szegedi Egyetem</subfield>
   <subfield code="v">8 No. 15</subfield>
  </datafield>
  <datafield tag="561" ind1=" " ind2=" ">
   <subfield code="a">Egyetemi, hallgatói élet</subfield>
  </datafield>
  <datafield tag="695" ind1=" " ind2=" ">
   <subfield code="a">Sport - egyetemi, Tömegsport, Kerekasztal</subfield>
  </datafield>
  <datafield tag="856" ind1="4" ind2="0">
   <subfield code="u">http://univ.bibl.u-szeged.hu/660/1/sze_1970_015_006.pdf</subfield>
   <subfield code="z">Dokumentum-elérés </subfield>
  </datafield>
 </record>
</collection>
